00357nam a2200133 a 4500008004100000020001500041050001400056100002500070245003100095246002900126260003700155300002200192350000900214120416s0000 ||||||||||||||||| || u a0831110023 aT 385 Mor aMortenson, Michael E10aComputer graphics handbook ageometry and mathematics aNew YorkbIndustrial Pressc1980 axii, 259p. : ill. a0.00